| 000 | 00320nam a2200109Ia 4500 | ||
|---|---|---|---|
| 008 | 220120s9999||||xx |||||||||||||| ||und|| | ||
| 100 | _aNagrath, I.J. Gopal, M | ||
| 245 | 0 | _aControl systems engineering | |
| 260 |
_aNew age international private, Ltd. _bBangalooru _c2005 |
||
| 300 | _b345 | ||
| 650 | _aPROGRAMMING LANGUAGE | ||
| 999 |
_c132112 _d132112 |
||